History Quiz

Random History or Famous Quiz
Score 0/26 Timer 06:00
9 Plays Today
% Correct
Albert Einstein
98.1%
Adolf Hitler
97.9%
Mahatma Gandhi
94.1%
Margaret Thatcher
88.1%
Ludwig van Beethoven
87.5%
Plato
80.5%
Charles Darwin
78.7%
Sigmund Freud
74%
Catherine II
72.9%
Wolfgang Amadeus Mozart
72.8%
Andrew Jackson
72.1%
William Shakespeare
71.7%
Charles Lindbergh
62.2%
% Correct
Xerxes I
54.6%
Sir Isaac Newton
52.6%
Susan B. Anthony
42%
Sandra Day O'Connor
41.6%
Emiliano Zapata
39.3%
Voltaire
36.7%
Qin Shi Huang
36.5%
Maximilien de Robespierre
32.1%
Nikita Khrushchev
30.9%
Wu Zetian
26.2%
Isoroku Yamamoto
24.9%
Pope Urban II
23.6%
Imhotep
23.2%
Remove Ads.
Support Sporcle.
Get the best of Sporcle when you Go Orange. This ad-free experience offers more features, more stats, and more fun while also helping to support Sporcle. Thank you for becoming a member.

You're not logged in!

Compare scores with friends on all Sporcle quizzes.
OR
Log In

Show Comments

Extras

Top Quizzes Today


Score Distribution

Your Account Isn't Verified!

In order to create a playlist on Sporcle, you need to verify the email address you used during registration. Go to your Sporcle Settings to finish the process.

Report this User

Report this user for behavior that violates our Community Guidelines.

Details: